تاريخ کراچی (Record no. 608123)

000 -LEADER
fixed length control field 00602nam a2200193 a 4500
003 - CONTROL NUMBER IDENTIFIER
control field OSt
005 - DATE AND TIME OF LATEST TRANSACTION
control field 20240226094701.0
008 - FIXED-LENGTH DATA ELEMENTS--GENERAL INFORMATION
fixed length control field 180228t2013 pk | |||| 00| 0 urd d
040 ## - CATALOGING SOURCE
Transcribing agency 0
082 ## - DEWEY DECIMAL CLASSIFICATION NUMBER
Classification number 954.9183
Author Mark SOH 2013
100 10 - MAIN ENTRY--PERSONAL NAME
Personal name سوہرروی،کامران اعظم
9 (RLIN) 121276
245 10 - TITLE STATEMENT
Title تاريخ کراچی
Statement of responsibility, etc. Kamran Azam Soharwardi
246 ## - VARYING FORM OF TITLE
Title proper/short title Tareeh Karachi
260 ## - PUBLICATION, DISTRIBUTION, ETC.
Place of publication, distribution, etc. Karachi:
Name of publisher, distributor, etc. Book Time;
Date of publication, distribution, etc. 2013.
300 ## - PHYSICAL DESCRIPTION
Extent 335 p.
650 ## - SUBJECT ADDED ENTRY--TOPICAL TERM
Topical term or geographic name entry element Karachi
9 (RLIN) 9802
942 ## - ADDED ENTRY ELEMENTS (KOHA)
Source of classification or shelving scheme
Koha item type Book
Institution code [OBSOLETE] SADA
Call number prefix 954.9183 SOH 2013
Holdings
Withdrawn status Lost status Source of classification or shelving scheme Damaged status Not for loan Permanent Location Current Location Date acquired Source of acquisition Total Checkouts Full call number Barcode Date last seen Cost, replacement price Price effective from Koha item type
          School of Art Design and Architecture (SADA) School of Art Design and Architecture (SADA) 02/09/2018 Donation   954.9183 SOH 2013 SADAD0000236 02/26/2024 525.00 02/26/2024 Book
© 2023 Central Library, National University of Sciences and Technology. All Rights Reserved.